History Quiz

Random History or Nation Quiz

Monuments of the National Mall Quiz Stats

Quiz Updated Mar 7, 2016

Challenge
Share
Tweet
Embed
Score 0/17 Timer 03:00
0 Plays Today
Year Dedicated Monument/Memorial % Correct
1922Lincoln Memorial
96.4%
1884Washington Monument
96%
1993Vietnam Women's Memorial
89%
1943Thomas Jefferson Memorial
85.9%
1982Vietnam Veterans Memorial
83.6%
1995Korean War Veterans Memorial
65.2%
2004National World War II Memorial
61.2%
1997Franklin Delano Roosevelt Memorial
49.4%
2011Martin Luther King, Jr. National Memorial
40.5%
Year Dedicated Monument/Memorial % Correct
1931District of Columbia War Memorial
10.3%
1922Ulysses S. Grant Memorial
6.8%
1984Memorial to the 56 Signers of the Declaration of Independence
4.5%
1912John Paul Jones Memorial
4%
2002George Mason Memorial
2.9%
2014American Veterans Disabled for Life Memorial
2.4%
1976Constitution Gardens
2.2%
1926John Ericsson National Memorial
1.2%

You're not logged in!

Compare scores with friends on all Sporcle quizzes.
Sign Up with Email
OR
Log In

You Might Also Like...

Show Comments

Extras

Top Quizzes Today


Score Distribution

Your Account Isn't Verified!

In order to create a playlist on Sporcle, you need to verify the email address you used during registration. Go to your Sporcle Settings to finish the process.